| 000 | 00669cam a22002054a 4500 | ||
|---|---|---|---|
| 020 | _a0471214205 (cloth : alk. paper) | ||
| 040 | _cDLC | ||
| 082 | 0 | 0 |
_a641 WIL 2002 A042 Or. _aB |
| 100 | 1 | _aVillas, James. | |
| 245 | 1 | 0 |
_aBetween bites : _bmemoirs of a hungry hedonist / |
| 260 |
_aNew York : _bJ. Wiley, _cc2002. |
||
| 300 |
_a296 p. : _bill ; _c24 cm. |
||
| 500 | _aIncludes index. | ||
| 650 | 0 | _aFood writers | |
| 650 | 0 | _aCooks | |
| 856 | 4 | 2 | _uhttp://www.loc.gov/catdir/bios/wiley043/2001046815.html |
| 856 | 4 | 2 | _uhttp://www.loc.gov/catdir/description/wiley036/2001046815.html |
| 856 | 4 | 1 | _uhttp://www.loc.gov/catdir/toc/wiley021/2001046815.html |
| 942 | _cEK | ||
| 999 |
_c12855 _d12855 |
||